| 000 | 00445nam a2200145 a 4500 | ||
|---|---|---|---|
| 001 | 000040318 | ||
| 005 | 20201002034044.0 | ||
| 008 | 130821s1967 vi 000 0 spa d | ||
| 040 |
_aDO-SdBNP _bspa _cBNPHU |
||
| 100 | 1 |
_aKhai, Nguyen _966606 |
|
| 245 | 1 | 0 |
_aCon los combatientes de Conco / _cNguyen Khai. |
| 260 |
_a[s.n.] : _bEdiciones en Lenguas Española, _c1967. |
||
| 300 |
_a140 p. ; _c20 cm. |
||
| 500 | _aIncluye notas al pie de las páginas | ||
| 999 |
_c39808 _d39808 |
||